[Event "EIBCC 2019"]
[Site "Tallinn"]
[Date "2019.12.07"]
[Round "20.8"]
[White "Esipenko, Andrey"]
[Black "Galopoulos, Nikolaos"]
[Result "1-0"]
[WhiteElo "2582"]
[BlackElo "2429"]
[Annotator "ChessBase"]
[PlyCount "75"]
[EventDate "2019.12.06"]
[EventType "swiss"]
[EventCountry "EST"]
[SourceTitle "playchess.com"]
[Source "ChessBase"]
[SourceQuality "1"]

1. d4 Nf6 2. c4 e6 3. Nf3 d5 4. g3 dxc4 5. Bg2 Bd7 6. Qc2 Bc6 7. Qxc4 b5 8. Qc2 Be4 9. Qd1 c5 10. O-O Nbd7 11. Nc3 Bc6 12. dxc5 Bxc5 13. Ne1 Qb6 14. Bxc6 Qxc6 15. Nd3 Be7 16. Be3 O-O 17. Rc1 Qb7 18. f3 Rfd8 19. Qb3 a6 20. Bf2 Nb6 21. Rfd1 Rac8 22. a4 b4 23. Nb1 a5 24. Nd2 h6 25. Nf1 Nbd5 26. e4 Nb6 27. Nc5 Bxc5 28. Rxd8+ Rxd8 29. Rxc5 Rc8 30. Rxa5 Nc4 31. Rb5 Qd7 32. Qxb4 Qd1 33. Qb3 Qa1 34. Rb8 Rxb8 35. Qxb8+ Kh7 36. Kg2 Nxb2 37. Bd4 Qxa4 38. Qxb2 1-0

[Event "EIBCC 2019"]
[Site "Tallinn"]
[Date "2019.12.07"]
[Round "20.9"]
[White "Aleksandrov, Aleksej"]
[Black "Saric, Ante"]
[Result "1-0"]
[WhiteElo "2416"]
[BlackElo "2577"]
[Annotator "ChessBase"]
[PlyCount "61"]
[EventDate "2019.12.06"]
[EventType "swiss"]
[EventCountry "EST"]
[SourceTitle "playchess.com"]
[Source "ChessBase"]
[SourceQuality "1"]

1. d4 Nf6 2. c4 e6 3. Nc3 Bb4 4. e3 O-O 5. Bd3 d5 6. cxd5 exd5 7. Nge2 Re8 8. Bd2 b6 9. O-O c5 10. a3 Bxc3 11. Bxc3 Ba6 12. dxc5 bxc5 13. Rc1 Ne4 14. Ng3 Nxc3 15. Rxc3 d4 16. exd4 cxd4 17. Rc2 Bb7 18. Qg4 Nc6 19. Rd2 Ne5 20. Qd1 Qb6 21. Re1 Nxd3 22. Rxe8+ Rxe8 23. Rxd3 g6 24. Rxd4 Qxb2 25. h3 Qxa3 26. Rd7 Qb4 27. Kh2 Rf8 28. Qa1 a5 29. Qe5 Bc8 30. Nh5 Bxd7 31. Qg7# 1-0

[Event "EIBCC 2019"]
[Site "Tallinn"]
[Date "2019.12.07"]
[Round "20.10"]
[White "Kukk, Sander"]
[Black "Kulaots, Kaido"]
[Result "0-1"]
[WhiteElo "2312"]
[BlackElo "2562"]
[Annotator "ChessBase"]
[PlyCount "112"]
[EventDate "2019.12.06"]
[EventType "swiss"]
[EventCountry "EST"]
[SourceTitle "playchess.com"]
[Source "ChessBase"]
[SourceQuality "1"]

1. b3 e5 2. Bb2 d6 3. e3 g6 4. d4 Nd7 5. dxe5 dxe5 6. Nf3 Bg7 7. Bc4 Nh6 8. O-O O-O 9. e4 Ng4 10. Nc3 c6 11. a4 a5 12. Ba3 Re8 13. h3 Nh6 14. Qd2 Nb6 15. Qxd8 Rxd8 16. Bd3 f6 17. Bc5 Nd7 18. Be3 Nf8 19. Nd2 Be6 20. Bb6 Rdc8 21. Nc4 Nf7 22. Rfd1 Nd7 23. Be3 Bf8 24. Nb6 Nxb6 25. Bxb6 Bd6 26. Nb1 Bc7 27. Be3 f5 28. f3 Rd8 29. Na3 Nd6 30. Rd2 Rd7 31. Rad1 Kf7 32. Nc4 Nxc4 33. Bxc4 Rxd2 34. Bxe6+ Kxe6 35. Rxd2 b5 36. Rd3 bxa4 37. bxa4 Rb8 38. Rb3 Rb4 39. Rxb4 axb4 40. Bc5 Bd6 41. Bb6 c5 42. exf5+ gxf5 43. a5 c4 44. a6 Bb8 45. Ba5 b3 46. cxb3 cxb3 47. Bc3 Kd5 48. Kf1 Kc4 49. Bb2 Kd3 50. Bxe5 Bxe5 51. a7 b2 52. a8=Q b1=Q+ 53. Kf2 Qc2+ 54. Kf1 Qd1+ 55. Kf2 Qe2+ 56. Kg1 Qe1# 0-1

[Event "EIBCC 2019"]
[Site "Tallinn"]
[Date "2019.12.07"]
[Round "20.11"]
[White "Lintchevski, Daniil"]
[Black "Kanep, Meelis"]
[Result "1-0"]
[WhiteElo "2553"]
[BlackElo "2280"]
[Annotator "ChessBase"]
[PlyCount "101"]
[EventDate "2019.12.06"]
[EventType "swiss"]
[EventCountry "EST"]
[SourceTitle "playchess.com"]
[Source "ChessBase"]
[SourceQuality "1"]

1. e4 c5 2. Nf3 d6 3. d4 cxd4 4. Nxd4 Nf6 5. Nc3 a6 6. h3 e6 7. g4 h6 8. Be3 b5 9. a3 Bb7 10. Bg2 g5 11. Qe2 Nbd7 12. O-O-O Ne5 13. Nf3 Nfd7 14. Nxe5 Nxe5 15. h4 Rg8 16. hxg5 hxg5 17. Bd4 Qc7 18. Kb1 Rc8 19. Rh5 Be7 20. Rdh1 Ng6 21. Be3 Bf6 22. Na2 Nf4 23. Bxf4 gxf4 24. Bf3 Be5 25. Nc1 a5 26. Nd3 Bc6 27. Qd2 b4 28. axb4 axb4 29. Nxe5 dxe5 30. Rh8 Ke7 31. Qxb4+ Qd6 32. Qxd6+ Kxd6 33. R8h5 f6 34. Rd1+ Kc5 35. Rh6 Rcf8 36. c3 Ba4 37. Rdh1 Rg7 38. b4+ Kc6 39. Kb2 Rd7 40. Ra1 Rd2+ 41. Kc1 Rxf2 42. Rxa4 Rxf3 43. Kc2 Rf2+ 44. Kb3 f3 45. Ra6+ Kb7 46. Rxe6 Rf1 47. Rhxf6 Rd8 48. Rf7+ Kb8 49. Ref6 Rd3 50. Kc4 Re3 51. Re6 1-0

[Event "EIBCC 2019"]
[Site "Tallinn"]
[Date "2019.12.07"]
[Round "20.12"]
[White "Lazavik, Denis"]
[Black "Gretarsson, Helgi Ass"]
[Result "1/2-1/2"]
[WhiteElo "2222"]
[BlackElo "2523"]
[Annotator "ChessBase"]
[PlyCount "113"]
[EventDate "2019.12.06"]
[EventType "swiss"]
[EventCountry "EST"]
[SourceTitle "playchess.com"]
[Source "ChessBase"]
[SourceQuality "1"]

1. d4 g6 2. c4 Bg7 3. Nf3 d6 4. g3 Bg4 5. Bg2 Nc6 6. d5 Bxf3 7. exf3 Ne5 8. f4 Nd7 9. O-O Ngf6 10. Nc3 O-O 11. Be3 Qc8 12. Re1 Re8 13. Qd2 c5 14. h3 a6 15. a4 b6 16. Rad1 Qc7 17. Qc2 Rad8 18. b3 Nf8 19. f5 N6d7 20. fxg6 hxg6 21. f4 Nf6 22. Bf2 e6 23. dxe6 Nxe6 24. Qd3 Nd4 25. Ne2 d5 26. Nxd4 Rxe1+ 27. Rxe1 cxd4 28. Rc1 Ne4 29. Bxe4 dxe4 30. Qxe4 d3 31. Rd1 d2 32. Kg2 b5 33. axb5 axb5 34. cxb5 Qc1 35. Qf3 Bd4 36. Bxd4 Rxd4 37. b6 Rb4 38. Qe2 Rxb3 39. Qxd2 Qc6+ 40. Kh2 Qxb6 41. Qg2 Rb2 42. Rd2 Rb1 43. h4 Kg7 44. Rc2 Re1 45. Qf2 Qxf2+ 46. Rxf2 f5 47. Ra2 Kh6 48. Kh3 Rh1+ 49. Kg2 Rc1 50. Ra8 Kh5 51. Rg8 Rc3 52. Kh3 Kh6 53. h5 gxh5 54. Rg5 h4 55. Kxh4 Rc5 56. g4 Ra5 57. Rxf5 1/2-1/2

[Event "EIBCC 2019"]
[Site "Tallinn"]
[Date "2019.12.07"]
[Round "20.13"]
[White "Kozak, Adam"]
[Black "Ruck, Robert"]
[Result "0-1"]
[WhiteElo "2385"]
[BlackElo "2541"]
[Annotator "ChessBase"]
[PlyCount "76"]
[EventDate "2019.12.06"]
[EventType "swiss"]
[EventCountry "EST"]
[SourceTitle "playchess.com"]
[Source "ChessBase"]
[SourceQuality "1"]

1. Nf3 d5 2. g3 g6 3. Bg2 Bg7 4. d4 Nf6 5. O-O O-O 6. c4 c6 7. Qb3 a5 8. cxd5 a4 9. Qd1 cxd5 10. Nc3 Qa5 11. a3 Nc6 12. Bf4 Ne4 13. Rc1 Nxc3 14. bxc3 Bf5 15. Nd2 Rfd8 16. Bg5 h6 17. Be3 Rac8 18. h3 h5 19. Re1 e5 20. Nf3 exd4 21. Nxd4 Nxd4 22. Bxd4 Rc4 23. e3 Bxd4 24. cxd4 Rdc8 25. Rxc4 Rxc4 26. Qa1 Be6 27. Rb1 Qd2 28. Rf1 Rc2 29. h4 b5 30. Qb1 Rb2 31. Qa1 b4 32. axb4 Qxb4 33. Qc1 a3 34. Qc7 a2 35. Qa7 Qb3 36. Qa8+ Kg7 37. Qd8 Rb1 38. Qc7 Rxf1+ 0-1

[Event "EIBCC 2019"]
[Site "Tallinn"]
[Date "2019.12.07"]
[Round "20.14"]
[White "Seeman, Tarvo"]
[Black "Sebenik, Matej"]
[Result "0-1"]
[WhiteElo "2358"]
[BlackElo "2457"]
[Annotator "ChessBase"]
[PlyCount "84"]
[EventDate "2019.12.06"]
[EventType "swiss"]
[EventCountry "EST"]
[SourceTitle "playchess.com"]
[Source "ChessBase"]
[SourceQuality "1"]

1. Nf3 Nf6 2. g3 g6 3. b3 b6 4. Bb2 Bg7 5. Bg2 Bb7 6. O-O O-O 7. c4 c5 8. Nc3 Na6 9. e3 Ne4 10. Qc1 Nb4 11. Ne1 Nxc3 12. Bxc3 Bxg2 13. Kxg2 d5 14. Bxg7 Kxg7 15. Qc3+ d4 16. exd4 Qxd4 17. Qxd4+ cxd4 18. f4 f6 19. a3 Nc6 20. Nf3 a5 21. d3 Rab8 22. Rae1 Kf7 23. g4 Rfd8 24. f5 Rd6 25. Re4 b5 26. Rfe1 bxc4 27. bxc4 Rb3 28. Re6 Rxd3 29. c5 Rxe6 30. Rxe6 Nd8 31. Ra6 Rc3 32. Nxd4 Rxc5 33. fxg6+ hxg6 34. Ra8 Ne6 35. Nxe6 Kxe6 36. h4 Rc2+ 37. Kg3 Rc3+ 38. Kf4 Rxa3 39. h5 gxh5 40. gxh5 Kf7 41. Ra7 a4 42. h6 Rh3 0-1

[Event "EIBCC 2019"]
[Site "Tallinn"]
[Date "2019.12.07"]
[Round "20.15"]
[White "Nguyen, Thai Dai Van"]
[Black "Shapiro, Viktor"]
[Result "1-0"]
[WhiteElo "2419"]
[BlackElo "2267"]
[Annotator "NA"]
[PlyCount "20"]
[EventDate "2019.12.06"]
[EventType "swiss"]
[EventCountry "EST"]
[SourceTitle "playchess.com"]
[Source "ChessBase"]
[SourceQuality "1"]

1. d4 Nf6 2. c4 c5 3. d5 e6 4. Nc3 Bd6 5. Nf3 Bc7 6. g3 d6 7. Bg2 a6 8. a4 O-O 9. O-O Re8 10. Nd2 Nbd7 1-0

[Event "EIBCC 2019"]
[Site "Tallinn"]
[Date "2019.12.07"]
[Round "20.16"]
[White "Vlassow, Valentin"]
[Black "Shubin, Kirill"]
[Result "0-1"]
[WhiteElo "2265"]
[BlackElo "2401"]
[Annotator "NA"]
[PlyCount "56"]
[EventDate "2019.12.06"]
[EventType "swiss"]
[EventCountry "EST"]
[SourceTitle "playchess.com"]
[Source "ChessBase"]
[SourceQuality "1"]

1. e4 e6 2. d4 d5 3. exd5 exd5 4. Nf3 Nc6 5. Bb5 Nge7 6. O-O a6 7. Bd3 Bf5 8. Re1 Qd7 9. Bf4 O-O-O 10. Nbd2 Bxd3 11. cxd3 Ng6 12. Bg3 h5 13. h3 h4 14. Bh2 f6 15. Rc1 Bd6 16. Bxd6 Qxd6 17. Nb3 b6 18. a4 a5 19. Nfd2 Nf4 20. Nb1 Kb7 21. Nc3 Rh6 22. Nb5 Qd7 23. Qf3 g5 24. Rc2 f5 25. Nd2 Re8 26. Rxe8 Qxe8 27. b4 Qe1+ 28. Kh2 Ne2 0-1

[Event "EIBCC 2019"]
[Site "Tallinn"]
[Date "2019.12.07"]
[Round "20.17"]
[White "Postny, Evgeny"]
[Black "Zelbel, Patrick"]
[Result "0-1"]
[WhiteElo "2661"]
[BlackElo "2425"]
[Annotator "ChessBase"]
[PlyCount "102"]
[EventDate "2019.12.06"]
[EventType "swiss"]
[EventCountry "EST"]
[SourceTitle "playchess.com"]
[Source "ChessBase"]
[SourceQuality "1"]

1. d4 Nf6 2. c4 c5 3. d5 b5 4. cxb5 a6 5. e3 g6 6. a4 Bg7 7. Nf3 O-O 8. Nc3 Bb7 9. Be2 e6 10. dxe6 fxe6 11. O-O d5 12. Qc2 Nbd7 13. b3 axb5 14. Bxb5 d4 15. exd4 Bxf3 16. gxf3 cxd4 17. Ne4 Ne5 18. Kh1 d3 19. Qd1 Nxe4 20. fxe4 Nf3 21. Qxd3 Qh4 22. Qd6 Be5 23. Qxe6+ Kh8 24. h3 Rf6 25. Qg4 Qxg4 26. hxg4 Bxa1 27. Be3 Bd4 28. Bxd4 Nxd4 29. Bc4 Rf4 30. Rd1 Nf3 31. Kg2 Ne5 32. Bd5 Raf8 33. Rd2 Rxg4+ 34. Kf1 Nf3 35. Rd3 Rg1+ 36. Ke2 Ne5 37. Rc3 Rg2 38. Ke3 Rf3+ 39. Kd4 Rxc3 40. Kxc3 Rxf2 41. a5 h5 42. b4 h4 43. Be6 Nc6 44. a6 Na7 45. Kc4 Rf6 46. Bh3 Rxa6 47. e5 Kg7 48. Kc5 Ra3 49. Bd7 h3 50. b5 Nxb5 51. Bxb5 Ra5 0-1

[Event "EIBCC 2019"]
[Site "Tallinn"]
[Date "2019.12.07"]
[Round "20.18"]
[White "Volodin, Aleksandr"]
[Black "Riazantsev, Alexander"]
[Result "1/2-1/2"]
[WhiteElo "2401"]
[BlackElo "2635"]
[Annotator "ChessBase"]
[PlyCount "79"]
[EventDate "2019.12.06"]
[EventType "swiss"]
[EventCountry "EST"]
[SourceTitle "playchess.com"]
[Source "ChessBase"]
[SourceQuality "1"]

1. d4 d5 2. c4 e6 3. Nc3 Nf6 4. cxd5 exd5 5. Bg5 Bb4 6. e3 h6 7. Bh4 g5 8. Bg3 Ne4 9. Rc1 h5 10. h4 Nxg3 11. fxg3 c6 12. Bd3 Bg4 13. Be2 Bxe2 14. Qxe2 Bd6 15. hxg5 Bxg3+ 16. Kd2 Qxg5 17. Nf3 Qg4 18. b4 Nd7 19. b5 Nb6 20. bxc6 bxc6 21. Kc2 Kf8 22. Kb1 Nc4 23. Ka1 Re8 24. e4 Bd6 25. Rhf1 Rg8 26. Rc2 Bb4 27. e5 Bxc3+ 28. Rxc3 Qxg2 29. Qxg2 Rxg2 30. Nh4 Rh2 31. Nf5 Rb8 32. Nd6 Nxd6 33. exd6 Ke8 34. Re3+ Kd7 35. Rxf7+ Kxd6 36. Rf6+ Kc7 37. Rf7+ Kd6 38. Rf6+ Kc7 39. Rf7+ Kd6 40. Rf6+ 1/2-1/2

[Event "EIBCC 2019"]
[Site "Tallinn"]
[Date "2019.12.07"]
[Round "20.19"]
[White "Lobanov, Sergei"]
[Black "Ziska, Helgi Dam"]
[Result "0-1"]
[WhiteElo "2394"]
[BlackElo "2614"]
[Annotator "ChessBase"]
[PlyCount "76"]
[EventDate "2019.12.06"]
[EventType "swiss"]
[EventCountry "EST"]
[SourceTitle "playchess.com"]
[Source "ChessBase"]
[SourceQuality "1"]

1. e4 c5 2. Nf3 d6 3. d4 cxd4 4. Nxd4 Nf6 5. Nc3 a6 6. f3 e5 7. Nb3 Be6 8. Be3 h5 9. Be2 Nbd7 10. Nd5 Bxd5 11. exd5 g6 12. Qd2 Bg7 13. Na5 Qc7 14. O-O O-O 15. c4 b6 16. Nc6 Nb8 17. Nxb8 Raxb8 18. b4 Nd7 19. Rac1 f5 20. Rc2 a5 21. a3 Rfe8 22. Rfc1 Bf8 23. Rb2 e4 24. f4 Bg7 25. Ra2 Ra8 26. Bd1 Ra7 27. Ba4 axb4 28. Bxd7 Qxd7 29. axb4 Rea8 30. Rxa7 Qxa7 31. Bd4 Kh7 32. h3 Bxd4+ 33. Qxd4 Qa3 34. Rb1 Qg3 35. Qf2 Qd3 36. Rc1 e3 37. Qf3 Qd2 38. Rd1 e2 0-1

[Event "EIBCC 2019"]
[Site "Tallinn"]
[Date "2019.12.07"]
[Round "20.20"]
[White "Blohberger, Felix"]
[Black "Ladva, Ottomar"]
[Result "1-0"]
[WhiteElo "2330"]
[BlackElo "2457"]
[Annotator "ChessBase"]
[PlyCount "65"]
[EventDate "2019.12.06"]
[EventType "swiss"]
[EventCountry "EST"]
[SourceTitle "playchess.com"]
[Source "ChessBase"]
[SourceQuality "1"]

1. d4 d5 2. Bf4 c5 3. e3 Nc6 4. c3 Nf6 5. Nd2 e6 6. Ngf3 cxd4 7. exd4 Nh5 8. Be3 Bd6 9. Bd3 Nf4 10. Bxf4 Bxf4 11. g3 Bd6 12. O-O O-O 13. h4 h6 14. Re1 Rb8 15. a4 a6 16. Ne5 Bxe5 17. dxe5 b5 18. axb5 axb5 19. Nf3 b4 20. Bc2 bxc3 21. Qd3 g6 22. bxc3 h5 23. Ra4 Rb2 24. g4 hxg4 25. Rxg4 Ne7 26. h5 Kg7 27. hxg6 fxg6 28. Rxg6+ Kf7 29. Rf6+ Ke8 30. Rxf8+ Kxf8 31. Qh7 Ke8 32. Ba4+ Kf8 33. Ng5 1-0

[Event "EIBCC 2019"]
[Site "Tallinn"]
[Date "2019.12.07"]
[Round "20.21"]
[White "Smirnov, Artem"]
[Black "Pohjala, Henri"]
[Result "1-0"]
[WhiteElo "2283"]
[BlackElo "2447"]
[Annotator "NA"]
[PlyCount "46"]
[EventDate "2019.12.06"]
[EventType "swiss"]
[EventCountry "EST"]
[SourceTitle "playchess.com"]
[Source "ChessBase"]
[SourceQuality "1"]

1. d4 d5 2. c4 c6 3. Nf3 Nf6 4. Nc3 a6 5. Qc2 e6 6. e4 dxe4 7. Nxe4 Nxe4 8. Qxe4 Bd6 9. Bd3 Nd7 10. O-O Nf6 11. Qh4 b6 12. Bg5 Bb7 13. Rfe1 Be7 14. Rad1 Qc7 15. Ne5 h6 16. Qh3 Rf8 17. Bh4 Nd7 18. Nxf7 Rxf7 19. Qxe6 Nf8 20. Qg4 g5 21. Bg3 Qd7 22. Qh5 Bc8 23. h3 Ne6 1-0

[Event "EIBCC 2019"]
[Site "Tallinn"]
[Date "2019.12.07"]
[Round "20.22"]
[White "Yuffa, Daniil"]
[Black "Belenkaya, Dina"]
[Result "1-0"]
[WhiteElo "2582"]
[BlackElo "2203"]
[Annotator "ChessBase"]
[PlyCount "96"]
[EventDate "2019.12.06"]
[EventType "swiss"]
[EventCountry "EST"]
[SourceTitle "playchess.com"]
[Source "ChessBase"]
[SourceQuality "1"]

1. d4 d5 2. c4 dxc4 3. e3 Nf6 4. Bxc4 e6 5. Nf3 a6 6. O-O c5 7. Nc3 b5 8. Be2 Nbd7 9. d5 exd5 10. Nxd5 Bb7 11. Nxf6+ Qxf6 12. a4 b4 13. Bc4 Be7 14. Bd5 Bxd5 15. Qxd5 Nb6 16. Qe4 O-O 17. a5 Nd7 18. Rb1 Rfd8 19. b3 Qe6 20. Qxe6 fxe6 21. Bb2 Nf6 22. Ne5 Rd6 23. Nc4 Rd3 24. Bxf6 gxf6 25. Rfd1 Rad8 26. Rxd3 Rxd3 27. g4 Kf7 28. Kg2 e5 29. Kf3 Ke6 30. Ke4 Rc3 31. Rb2 Rc1 32. h4 h5 33. gxh5 Rh1 34. f4 Rxh4 35. Rg2 exf4 36. exf4 f5+ 37. Kf3 Rxh5 38. Rg6+ Bf6 39. Ne3 Rh3+ 40. Ke2 Kf7 41. Rg2 c4 42. Nxc4 Rxb3 43. Rg1 Rc3 44. Nd2 Ra3 45. Rc1 Bc3 46. Nc4 Ra2+ 47. Kd3 Kf6 48. Rh1 Rf2 1-0

[Event "EIBCC 2019"]
[Site "Tallinn"]
[Date "2019.12.07"]
[Round "20.23"]
[White "Hjartarson, Johann"]
[Black "Shishkov, Andrei"]
[Result "1-0"]
[WhiteElo "2559"]
[BlackElo "2297"]
[Annotator "ChessBase"]
[PlyCount "109"]
[EventDate "2019.12.06"]
[EventType "swiss"]
[EventCountry "EST"]
[SourceTitle "playchess.com"]
[Source "ChessBase"]
[SourceQuality "1"]

1. e4 d5 2. exd5 Nf6 3. d4 Nxd5 4. Nf3 Bg4 5. Be2 Nc6 6. O-O e6 7. c4 Nb6 8. c5 Nd5 9. Nc3 Be7 10. h3 Bh5 11. Be3 O-O 12. Qd2 b6 13. cxb6 axb6 14. Ne4 Bg6 15. Ng3 Bd6 16. a3 Nxe3 17. Qxe3 Ne7 18. Rfd1 Nd5 19. Qb3 Nf4 20. Bf1 Qf6 21. Rac1 Rfd8 22. Nh2 h5 23. Qf3 Nd5 24. Qxf6 Nxf6 25. Nf3 Bf4 26. Rc6 Ne4 27. Ne2 Bd6 28. Rdc1 Ra5 29. Ne5 Bh7 30. Nc4 Rb5 31. f3 Nf6 32. b4 Ne8 33. Nxd6 Nxd6 34. Rxc7 Rd5 35. R7c6 Nb5 36. a4 Nxd4 37. Nxd4 Rxd4 38. Rxb6 Bf5 39. a5 Rd1 40. Rxd1 Rxd1 41. Kf2 Rd2+ 42. Ke1 Ra2 43. a6 Ra1+ 44. Kf2 Ra2+ 45. Ke3 Ra1 46. Be2 Ra3+ 47. Kd4 Ra2 48. Bc4 Ra1 49. b5 h4 50. Rb8+ Kh7 51. Rb7 f6 52. a7 e5+ 53. Kc5 Bc8 54. Rc7 Bf5 55. Bd5 1-0

[Event "EIBCC 2019"]
[Site "Tallinn"]
[Date "2019.12.07"]
[Round "20.24"]
[White "Dragnev, Valentin"]
[Black "Mickevicius, Juras"]
[Result "0-1"]
[WhiteElo "2523"]
[BlackElo "2295"]
[Annotator "ChessBase"]
[PlyCount "92"]
[EventDate "2019.12.06"]
[EventType "swiss"]
[EventCountry "EST"]
[SourceTitle "playchess.com"]
[Source "ChessBase"]
[SourceQuality "1"]

1. d4 Nf6 2. c4 e6 3. Nc3 Bb4 4. e3 O-O 5. Bd2 d5 6. Nf3 b6 7. cxd5 exd5 8. Rc1 Bb7 9. Bd3 a6 10. O-O Bd6 11. Ne5 Nbd7 12. f4 c5 13. Qf3 Qe7 14. Be1 b5 15. Bh4 b4 16. Ne2 Rac8 17. Ng3 g6 18. Bf5 Qe8 19. Bh3 Rc7 20. Rce1 Ne4 21. Nxe4 dxe4 22. Qg3 f5 23. Qf2 cxd4 24. exd4 Nb6 25. Rc1 Nd5 26. Rxc7 Bxc7 27. Rc1 Bb6 28. Bg5 Qe6 29. Qd2 Rc8 30. Nc4 Ba7 31. b3 Nc3 32. Kf1 Qd5 33. Bh4 Bc6 34. Bf2 Bb5 35. Kg1 Bxc4 36. bxc4 Rxc4 37. Qe1 Bxd4 38. Rc2 Bxf2+ 39. Rxf2 Rd4 40. Rf1 Rd2 41. Qh4 Rd1 42. Qf2 Rxf1+ 43. Qxf1 Qd4+ 44. Kh1 e3 45. g4 e2 46. Qe1 Qd1 0-1

[Event "EIBCC 2019"]
[Site "Tallinn"]
[Date "2019.12.07"]
[Round "20.25"]
[White "Potapov, Pavel"]
[Black "Khakimov, Timur"]
[Result "1-0"]
[WhiteElo "2464"]
[BlackElo "2287"]
[Annotator "ChessBase"]
[PlyCount "65"]
[EventDate "2019.12.06"]
[EventType "swiss"]
[EventCountry "EST"]
[SourceTitle "playchess.com"]
[Source "ChessBase"]
[SourceQuality "1"]

1. e4 e5 2. Nf3 Nc6 3. Bc4 Be7 4. O-O Nf6 5. d3 O-O 6. c3 d6 7. Re1 Kh8 8. a4 Ng8 9. a5 a6 10. h3 f5 11. Nbd2 Qe8 12. exf5 Bxf5 13. Ne4 Qg6 14. Ng3 Bd7 15. d4 Bf6 16. dxe5 Nxe5 17. Nxe5 Bxe5 18. Rxe5 dxe5 19. Qxd7 Rad8 20. Qa4 Nf6 21. Be3 Ne4 22. Nxe4 Qxe4 23. Bb3 Qg6 24. Rd1 Rxd1+ 25. Bxd1 Qb1 26. Qc2 Qa1 27. Kh2 Qxa5 28. Qe4 c6 29. Bc2 g6 30. Qh4 Kg8 31. Bb3+ Kh8 32. Qe7 Qd8 33. Qxe5+ 1-0

[Event "EIBCC 2019"]
[Site "Tallinn"]
[Date "2019.12.07"]
[Round "20.27"]
[White "Putka, Verners"]
[Black "Nazaretyan, Tigran"]
[Result "0-1"]
[WhiteElo "2448"]
[BlackElo "2277"]
[Annotator "NA"]
[PlyCount "90"]
[EventDate "2019.12.06"]
[EventType "swiss"]
[EventCountry "EST"]
[SourceTitle "playchess.com"]
[Source "ChessBase"]
[SourceQuality "1"]

1. d4 Nf6 2. Nf3 d6 3. g3 Nbd7 4. Bg2 e5 5. O-O Be7 6. b3 e4 7. Ne1 d5 8. c4 c6 9. Nc2 h5 10. h4 Nb6 11. a4 a5 12. Nd2 Be6 13. Ne3 Qd7 14. Re1 Bh3 15. Bh1 Ng4 16. Ndf1 g5 17. c5 Nxe3 18. Bxe3 gxh4 19. cxb6 hxg3 20. fxg3 h4 21. Bf4 Bxf1 22. Rxf1 hxg3 23. Bg2 Qg4 24. Be5 Qh4 25. Rf4 Qh2+ 26. Kf1 f6 27. Bxf6 Rf8 28. Be5 Kd7 29. e3 Rg8 30. Qe2 Raf8 31. Ke1 Qg1+ 32. Qf1 Qxe3+ 33. Kd1 Qxb3+ 34. Kc1 Bg5 35. Bh3+ Ke8 36. Rb1 Qe3+ 37. Kb2 Bxf4 38. Bd7+ Kxd7 39. Qh3+ Ke7 40. Qh4+ Bg5 41. Qh7+ Ke6 42. Qh3+ Rf5 43. Ka2 Qe2+ 44. Rb2 Qc4+ 45. Kb1 Qf1+ 0-1

[Event "EIBCC 2019"]
[Site "Tallinn"]
[Date "2019.12.07"]
[Round "20.28"]
[White "Sipila, Vilka"]
[Black "Rocha, Sergio"]
[Result "1-0"]
[WhiteElo "2422"]
[BlackElo "2249"]
[Annotator "NA"]
[PlyCount "67"]
[EventDate "2019.12.06"]
[EventType "swiss"]
[EventCountry "EST"]
[SourceTitle "playchess.com"]
[Source "ChessBase"]
[SourceQuality "1"]

1. e3 Nf6 2. b3 e5 3. Bb2 d6 4. d4 e4 5. c4 Bf5 6. Nc3 h6 7. Nge2 Bh7 8. Qc2 Qe7 9. Ng3 g5 10. h4 g4 11. h5 Bg7 12. Be2 Nc6 13. a3 a5 14. Rh4 Qd7 15. Nd5 Nxd5 16. cxd5 Ne7 17. Rxg4 Kf8 18. Nxe4 Nxd5 19. Rg3 Re8 20. Bd3 c6 21. O-O-O a4 22. b4 Qe7 23. Nc3 Bxd3 24. Rxd3 Nb6 25. Nxa4 Nxa4 26. Qxa4 d5 27. b5 Bf6 28. bxc6 bxc6 29. Qxc6 Qe4 30. Rb3 Rg8 31. Rxg8+ Kxg8 32. Qxf6 Rc8+ 33. Rc3 Rb8 34. Rc7 1-0

[Event "EIBCC 2019"]
[Site "Tallinn"]
[Date "2019.12.07"]
[Round "20.29"]
[White "Meyer, Falko"]
[Black "Studer, Noel"]
[Result "0-1"]
[WhiteElo "2248"]
[BlackElo "2394"]
[Annotator "NA"]
[PlyCount "92"]
[EventDate "2019.12.06"]
[EventType "swiss"]
[EventCountry "EST"]
[SourceTitle "playchess.com"]
[Source "ChessBase"]
[SourceQuality "1"]

1. d4 d5 2. Nc3 Nf6 3. Bg5 e6 4. e4 dxe4 5. Nxe4 Be7 6. Nxf6+ Bxf6 7. Bxf6 Qxf6 8. Nf3 O-O 9. Bd3 c5 10. O-O cxd4 11. Nxd4 Rd8 12. Nf3 Nc6 13. Qb1 e5 14. c3 g6 15. Be4 Bg4 16. Re1 Bxf3 17. Bxf3 Rd2 18. Re2 Rad8 19. Rxd2 Rxd2 20. b3 Qd6 21. Qe1 Qd3 22. Rd1 Rxd1 23. Bxd1 Qb1 24. Qd2 e4 25. h3 Ne5 26. Qd8+ Kg7 27. Qd4 f6 28. Kh2 Qxa2 29. g4 Qa5 30. Kg2 Qc7 31. Qxe4 Nf7 32. Qd4 Ng5 33. h4 Ne6 34. Qe4 Nf4+ 35. Kg1 b6 36. Bf3 h6 37. c4 g5 38. hxg5 hxg5 39. Bd1 Qd6 40. Bc2 Kf8 41. Qf5 Qd4 42. Qc8+ Ke7 43. Qc7+ Qd7 44. Qb8 Qxg4+ 45. Kf1 Qe2+ 46. Kg1 Qe1+ 0-1

[Event "EIBCC 2019"]
[Site "Tallinn"]
[Date "2019.12.07"]
[Round "20.30"]
[White "Vetokhin, Savva"]
[Black "D`Costa, Lorin"]
[Result "1-0"]
[WhiteElo "2145"]
[BlackElo "2361"]
[Annotator "NA"]
[PlyCount "138"]
[EventDate "2019.12.06"]
[EventType "swiss"]
[EventCountry "EST"]
[SourceTitle "playchess.com"]
[Source "ChessBase"]
[SourceQuality "1"]

1. e4 c5 2. c3 d5 3. exd5 Qxd5 4. d4 g6 5. Nf3 Bg7 6. Be2 cxd4 7. cxd4 Nf6 8. Nc3 Qa5 9. O-O O-O 10. Be3 Nc6 11. Qb3 Qb4 12. Qc2 Bf5 13. Qd2 Ne4 14. Nxe4 Bxe4 15. Qc3 Rac8 16. Rac1 Rfd8 17. Rfd1 Bd5 18. a3 Qxc3 19. bxc3 Na5 20. Nd2 Nc4 21. Nxc4 Bxc4 22. Bf3 b6 23. Be4 e6 24. f3 Bf8 25. Ra1 Be7 26. Kf2 Rc7 27. Bf4 Bd6 28. Bxd6 Rxd6 29. Bd3 Rdc6 30. Rac1 Bb3 31. c4 Bxd1 32. Rxd1 Rxc4 33. Bxc4 Rxc4 34. d5 Rc2+ 35. Kg3 exd5 36. Rxd5 Rc3 37. a4 Rc4 38. a5 Rc6 39. axb6 axb6 40. Rd8+ Kg7 41. Rb8 h5 42. Rb7 Kf6 43. h4 Ke6 44. Kf4 Rc4+ 45. Kg3 Rb4 46. Kh3 Rb1 47. Kg3 Kf6 48. Kf4 Rb2 49. Kg3 Ke6 50. Kh3 Kf6 51. Kg3 b5 52. Kh3 b4 53. Kg3 b3 54. Kh3 Rb1 55. Kg3 Ke6 56. Kf4 Kf6 57. Kg3 Kg7 58. Kf4 Kf6 59. Kg3 b2 60. Kh2 Ke5 61. Kg3 Kd6 62. Rb8 f6 63. Rb6+ Kc5 64. Rb8 Kc4 65. Rb7 g5 66. hxg5 fxg5 67. Rb8 h4+ 68. Kf2 h3 69. Kg3 hxg2 1-0

[Event "EIBCC 2019"]
[Site "Tallinn"]
[Date "2019.12.07"]
[Round "20.31"]
[White "Azimov, Ilyas"]
[Black "Papasimakopoulos, Alexandros"]
[Result "0-1"]
[WhiteElo "2183"]
[BlackElo "2356"]
[Annotator "NA"]
[PlyCount "94"]
[EventDate "2019.12.06"]
[EventType "swiss"]
[EventCountry "EST"]
[SourceTitle "playchess.com"]
[Source "ChessBase"]
[SourceQuality "1"]

1. e4 e6 2. d4 d5 3. Nc3 Bb4 4. e5 b6 5. Bd2 Ne7 6. Nge2 Ba6 7. g3 Nf5 8. Bg2 c5 9. a3 Ba5 10. O-O cxd4 11. Nb1 Bxd2 12. Nxd2 Nc6 13. Nb3 Nxe5 14. Re1 Bxe2 15. Qxe2 Nc6 16. Qb5 Nfe7 17. Nxd4 Rc8 18. Rad1 O-O 19. Nxc6 Rxc6 20. c4 Rxc4 21. b3 Rc5 22. Qd3 Qc7 23. h4 Rc3 24. Qb1 h6 25. Rd3 Rc8 26. Rdd1 Rc2 27. Qa1 Qc5 28. Rf1 Qc3 29. Qb1 Rb2 30. Qc1 Rxb3 31. Qf4 Qc4 32. Qd6 Qc5 33. Qf4 Rxa3 34. Rc1 Rc3 35. Ra1 a5 36. Bh3 Ng6 37. Qg4 h5 38. Qg5 d4 39. Qd2 Ne5 40. Kh1 g6 41. Bg2 Ng4 42. Rad1 e5 43. Bh3 Rc2 44. Qg5 Nxf2+ 45. Rxf2 Rxf2 46. Bg2 Qc2 47. Rg1 Qe2 0-1